"Untertanentreue" gegenüber dem Heiligen Römischen Reich? Rigas Vorbehalte gegen einen Herrschaftswechsel bei der Auflösung der Livländischen Konföderation
| Titel: | "Untertanentreue" gegenüber dem Heiligen Römischen Reich? Rigas Vorbehalte gegen einen Herrschaftswechsel bei der Auflösung der Livländischen Konföderation |
|---|---|
| Verfasser: | |
| In: |
Riga und der Ostseeraum, (2005), Seite 249-260 alle Artikel anzeigen |
| Veröffentlicht: | 2005 |
| Format: | Aufsatz |
| Sprache: | Deutsch |
X
alg: 39164010 001A $01999:11-11-16 001B $01999:29-03-21 $t21:45:48.000 001D $01999:11-11-16 001U $0utf8 001X $00 002@ $0Aox 003@ $0391640100 007A $0391640100 $aHEB 007T $0Herd79010 010@ $ager 011@ $a2005 021A $a"Untertanentreue" gegenüber dem Heiligen Römischen Reich? Rigas Vorbehalte gegen einen Herrschaftswechsel bei der Auflösung der Livländischen Konföderation 028A $aLenz $dWilhelm 031A $h249-260 $j2005 039B $aIn $8--Aau--. Riga und der Ostseeraum. - Marburg : Verl. Herder-Institut, 2005. - VIII, 486 S.. - Ill., graph. Darst., Kt.. - ISBN 3-87969-319-6 $x200500000000000751 $9133615367 045F $a900.9479809031 $eDDC23BSB 045F/01 $a900 045F/03 $f09031 045F/03 $f9032 045F/03 $f9033 045F/03 $g4798 045F/03 $g4796 lok: 39164010 78 exp: 39164010 78 1 #EPN 201B/01 $001-03-19 $t22:51:33.000 201U/01 $0utf8 203@/01 $0787734586 208@/01 $a11-11-16 $be 209A/01 $a/ $f000 $x00 220C/01 $aTitelaufnehmer: cs 244Z/01 $2Trx $#Latvija $#Lettland $#Łotwa $#Lotyšsko $8--Trx--Latvija $x01 $9391275879 244Z/01 $2Trx $#Estija $#Igaunija $#Estland $#Estonia $#Estonia $#Estónsko $#Estonsko $8--Trx--Eesti $x02 $9391237225 244Z/01 $#Riga $#Rīga $#Ryga $#Riega $#Riga in Lieffland $#Rigae Livonum $#Rygae $#Righa $74050042-1 $8--Tg1--Riga $x03 $9085139726 244Z/01 $2Trx $#Holy Roman Empire -1803/1806 $#Német-római Császárság -1803/1806 $#Sacrum Romanum imperium -1803/1806 $#Święte Cesarstwo Rzymskie -1803/1806 $#Rímskonemecká rísa -1803/1806 $#Svatá říše římská -1803/1806 $#Német-római Birodalom $#Rzesza Niemiecka -1803/1806 $8--Trx--Reich$gRömisch-Deutsches $x04 $9391351826 244Z/01 $#Liivimaa $#Vidzeme $#Livonija $#Vidzeme $#Livonia $#Inflanty $74036075-1 $8--Tg1--Livland $x05 $9085097721 244Z/01 $aGeschichte 1558-15582 $x06 244Z/01 $2Trx $#sõda, liivi, 1558-1583 $#Livonijos karas 1558-1583 $#Livonian war 1558-1583 $#háború, Livóniai 1558-1583 $#wojna inflancka 1558-1583 $#vojna livónska 1558-1583 $#válka livonská 1558-1583 $8--Trx--Krieg, Livländischer$g1558-1583 $x07 $939135843X 244Z/01 $2Trx $8--Trx--Einzelbeiträge $x08 $9391384570 245Z/01 $a13.03 $x01 245Z/01 $a06.03.02 $x02 247C/01 $82080>Marburg/Lahn, Herder-Institut, Forschungsbibliothek, Bibliographieportal $9336309341
| LEADER | 00000caa a22000002c 4500 | ||
|---|---|---|---|
| 001 | 391640100 | ||
| 003 | DE-603 | ||
| 005 | 20210329214548.0 | ||
| 007 | tu | ||
| 008 | 161111s2005 xx |||| | u00||u|ger c | ||
| 035 | |a (DE-599)HEB391640100 | ||
| 040 | |a DE-603 |b ger |c DE-603 |d DE-603 | ||
| 041 | |a ger | ||
| 082 | 0 | 4 | |8 1\u |a 900.9479809031 |q DE-101 |2 23/BSB |
| 085 | |8 1\u |b 900 | ||
| 085 | |8 1\u |z 1 |s 09031 | ||
| 085 | |8 1\u |z 1 |s 9032 | ||
| 085 | |8 1\u |z 1 |s 9033 | ||
| 085 | |8 1\u |z 2 |s 4798 | ||
| 085 | |8 1\u |z 2 |s 4796 | ||
| 100 | 1 | |a Lenz, Wilhelm | |
| 245 | 0 | 0 | |a "Untertanentreue" gegenüber dem Heiligen Römischen Reich? Rigas Vorbehalte gegen einen Herrschaftswechsel bei der Auflösung der Livländischen Konföderation |
| 264 | 0 | |c 2005 | |
| 773 | 0 | 8 | |i In |t Riga und der Ostseeraum |d Marburg : Verl. Herder-Institut, 2005 |h VIII, 486 S., Ill., graph. Darst., Kt. |z 3879693196 |g (2005), Seite 249-260 |w (DE-603)133615367 |
| 924 | 0 | |9 2080 |a (DE-603)787734586 |b DE-2080 |c HES |d d |g / | |


